000 00670nam a2200229Ia 4500
008 131103s9999 xx 000 0 und d
020 _a8185392196
040 _aLoreto College
041 _aEnglish
082 _aW
_b#NAME?
245 _aCritics on Virginia Woolf
_cedited by Jacqueline E.M.Latham
260 _aNew Delhi
_bUniversity Book Stall
_c1990
300 _aix,126 p.
_c 21 cm.
440 _aReadings In Literary Criticism
630 _aCriticism and Interpretation
630 _aEnglish Fiction - History and Criticism
650 _aWoolf,Adeline Virginia
651 _a1882 - 1941
700 _aLatham,E.M.,ed.
850 _aLCLIB
942 _cBK
999 _c13432
_d63911